000 00403nam a2200169Ia 4500
001 4987
003 IN-NITTTR
005 20251114233005.0
008 251113s9999||||xx |||||||||||||| ||eng||
040 _beng
040 _cIN-NITTTR
041 _aeng
082 _a530.02462 P569
100 _aJoseph, Alexender
245 0 _aPhysics for engineering technology. /
_cJoseph, Alexender
942 _2ddc
_cBK
999 _c7623
_d7623